Über eine allgemeine Ringkonstruktion durch schiefes Produkt

Elmentve itt :
Bibliográfiai részletek
Szerző: Szendrei János
Dokumentumtípus: Cikk
Megjelent: 1958
Sorozat:Acta scientiarum mathematicarum 19 No. 1-2
Kulcsszavak:Természettudomány, Matematika, Művelődés
Online Access:http://acta.bibl.u-szeged.hu/13846
LEADER 00668nab a2200181 i 4500
001 acta13846
005 20210412092555.0
008 161015s1958 hu o 0|| ger d
022 |a 0001-6969 
040 |a SZTE Egyetemi Kiadványok Repozitórium  |b hun 
041 |a ger 
100 1 |a Szendrei János 
245 1 0 |a Über eine allgemeine Ringkonstruktion durch schiefes Produkt  |h [elektronikus dokumentum] /  |c  Szendrei János 
260 |c 1958 
300 |a 63-76 
490 0 |a Acta scientiarum mathematicarum  |v 19 No. 1-2 
695 |a Természettudomány, Matematika, Művelődés 
856 4 0 |u http://acta.bibl.u-szeged.hu/13846/1/math_019_fasc_001_002_063-076.pdf  |z Dokumentum-elérés